• 首页
  • 本馆介绍
  • 公告通知
  • 最新文献
  • 馆藏检索
  • 电子资源
  • 读者导购
  • 参考咨询
  • 我的图书馆
  • 登录
  • 期刊详细显示
  • 现刊情况显示
  • 合订本情况显示
  • 篇目信息显示

期刊信息

  • 表格格式
  • 工作单格式
  • 卡片格式
索取号 
C5/NMG
题名 
内蒙古大学学报
作者 
内蒙古大学学报编辑部
分册号 
分册名 
出版地 
呼和浩特
出版者 
该刊编辑部
标准刊号 
1000-5218
出版频率 
双月刊
中图法分类 
B
主题词 
社会科学 丛书; 社会科学 文集; 社会科学 连续出版物
电子资源 
000 01730nas0 2200469 45
001 1196010029
005 20100514094352.21
011    @a1000-5218@dCNY3.00(1996)
021    @a内蒙76
091    @aCN@b15-1051
092    @aCN@b16-66@cQ836
100    @a19960125a19769999k y0chiy0110 eb
101 0  @achi@eeng
102    @aCN@b150000
110    @aahaz 0yy0
200 1  @a内蒙古大学学报@ANei Meng Gu Da Xue Xue Bao@f内蒙古大学学报编辑部@FNei Meng Gu Da Xue Xue Bao Bian Ji Bu@i哲学社会科学版@IZhe Xue She Hui Ke Xue Ban@dJournal of Inner Mongolia University@iPhilosophy & social sciences@zeng
207  0 @a1976,no.1(1976)~1977,no.3(1977)=总1~5;1977,no.4(1977)~=总16~
210    @a呼和浩特@b内蒙古呼和浩特市大学路1号(邮码010021)@c该刊编辑部@d1976~
215    @d26cm
304    @a有蒙文并列刊名
315    @a自1977,no.4总期号从1959年累计
326    @a双月刊
430  1 @12001 @a内蒙古大学学报@i社会科学
510 1  @aJournal of Inner Mongolia University@iPhilosophy & social sciences@zeng
517 1  @a哲学社会科学版@AZhe Xue She Hui Ke Xue Ban
530 0  @a内蒙古大学学报@ANei Meng Gu Da Xue Xue Bao
540 1  @a内蒙古 大学 学报 哲学 社会 科学@ANei Meng Gu Da Xue Xue Bao Zhe Xue She Hui Ke Xue
606 0  @a社会科学@x丛书
606 0  @a社会科学@x文集
606 0  @a社会科学@x连续出版物
610 0  @a大学@a教育@a哲学@a社会科学
676    @a300@v19
676    @a100@v19
676    @a378@v19
690    @aB@v3
690    @aC@v3
690    @aC5@v4
701  0 @a色祥@ASe Xiang@4主编
711 02 @a内蒙古大学@ANei Meng Gu Da Xue@4主办
711  0 @a内蒙古大学学报编辑部@ANei Meng Gu Da Xue Xue Bao Bian Ji Bu
801  0 @aCN@bPFT@c20100514
905    @a1@cQ@dC5@eNMG
    
    内蒙古大学学报/内蒙古大学学报编辑部.哲学社会科学版=Journal of Inner Mongolia University.Philosophy & social sciences.-1976,no.1(1976)~1977,no.3(1977)=总1~5;1977,no.4(1977)~=总16~.-呼和浩特(内蒙古呼和浩特市大学路1号(邮码010021)):该刊编辑部,1976~
    26cm
    继承:.-←识别题名:内蒙古大学学报
    
    ISSN 1000-5218:CNY3.00(1996)
    
●
相关链接: 在易读查询期刊 在中国知网中查询期刊 在万方数据查询期刊 在维普查询期刊
唐山师范学院图书馆 欢迎您!
大连网信软件有限公司© 版权所有